000 01293nam a22003737a 4500
003 CHAP
005 20220329143416.0
008 090515s2006 sp r 00010 spa d
010 _a96171
011 _a97143
020 _a8478274588
035 _a107805
040 _cCHAP
082 0 4 _a371.2
_bV58
100 1 _aVera, José M.
_9118802
245 1 0 _aDirección y gestión de centros docentes :
_bguía práctica para el trabajo diario del equipo directivo
_c/por José M. Vera, Vicente Mora y Antonio Lapeña
260 _aBarcelona :
_bGraó,
_c2006
300 _a284 p.
490 0 _aColección acción directiva
_v; 229
590 _aBATCH-UPD
_b10
_c20130110
_lUCH01
_h0605
590 _aBATCH-UPD
_b10
_c20130410
_lUCH01
_h0247
590 _aBATCH-UPD
_b10
_c20130914
_lUCH01
_h1002
590 _aCONVERSION
_b10
_c20130109
_lUCH01
_h1353
650 1 4 _aEscuelas
_xAdministración y organización.
_937620
650 1 4 _aEstudiantes.
_938489
650 1 4 _aMaestros.
_969754
650 1 4 _aTrabajo
_xMétodos de.
_9114482
700 1 _aLapeña, Antonio.
_964806
700 1 _aMora, Vicente.
_978191
830 0 _aColección acción directiva
_v; 229
_924675
901 _aBK
942 _cLIBRO
949 _a371.2 V58
_bBC
_cLIBRO
_d33724002092629
_eLIBRO
_gI.c/e
_h110448
_i107805
_sb
_t$380.00
999 _c96171
_d96171